|
|
|
|
| LEADER |
01015pam a22002418a 4500 |
| 001 |
00041867 |
| 008 |
111219s2001 ||||||Engsd |
| 005 |
20190420160424.0 |
| 020 |
# |
# |
|a 9783990458259
|
| 041 |
0 |
# |
|a Eng
|
| 082 |
1 |
4 |
|a 428
|b A104J
|
| 100 |
1 |
# |
|a Revell, Jane
|
| 245 |
1 |
0 |
|c Jane Revell, Mary Tomalin
|a American Jetstream
|p Student's book & Workbook
|n Pre-intermediate B
|
| 260 |
# |
# |
|a London
|b Helbling languages
|c 2017
|
| 300 |
# |
# |
|a 79; 41 p.
|b ill.
|c 30 cm.
|e 1 CD
|
| 653 |
# |
# |
|a Ngôn ngữ
|
| 653 |
# |
# |
|a Sách học sinh
|
| 653 |
# |
# |
|a Tiếng Anh
|
| 653 |
# |
# |
|a Tự học
|
| 700 |
1 |
# |
|a Tomalin, Mary
|
| 852 |
# |
# |
|j KGT.0053679
|j KGT.0053689
|j KGT.0053690
|j KD.0024634
|j KGT.0053688
|j KGT.0053685
|j KGT.0053681
|j KGT.0053680
|j KGT.0053687
|j KGT.0053683
|j KGT.0053684
|j KGT.0053686
|j KGT.0053676
|j KD.0024632
|j KD.0024635
|j KGT.0053678
|j KGT.0053691
|j KD.0024630
|j KD.0024642
|j KGT.0053682
|
| 910 |
# |
# |
|d 08/08/2018
|f 20/04/2019
|e dtchanh
|
| 980 |
# |
# |
|a Trung tâm Học liệu Lê Vũ Hùng, Trường Đại học Đồng Tháp
|